|
|
|
|
| LEADER |
01289nam a2200325 a 4500 |
| 001 |
27163 |
| 003 |
BD-DhAAL |
| 005 |
20150923020003.0 |
| 008 |
141117s1993 ilua b 001 0 eng |
| 010 |
|
|
|a 92037023
|
| 020 |
|
|
|a 025613930X
|
| 020 |
|
|
|a 0256127077
|
| 040 |
|
|
|a DLC
|c DLC
|d DLC
|d BD-DhAAL
|
| 050 |
0 |
0 |
|a HD30.28
|b .T53 1993
|
| 082 |
0 |
0 |
|a 658.4/012
|2 20
|
| 999 |
|
|
|c 33056
|d 33056
|
| 999 |
|
|
|c 33056
|
| 100 |
1 |
|
|a Thompson, Arthur A.,
|d 1940-
|9 6030
|
| 245 |
1 |
0 |
|a Strategic management :
|b concepts & cases /
|c Arthur A. Thompson, Jr. & A.J. Strickland III.
|
| 250 |
|
|
|a 7th ed.
|
| 260 |
|
|
|a Homewood, IL :
|b Irwin,
|c c1993.
|
| 300 |
|
|
|a xxii, 948 p. :
|b ill. (some col.) ;
|c 27 cm.
|
| 504 |
|
|
|a Includes bibliographical references and indexes.
|
| 541 |
|
|
|e 27163
|
| 650 |
|
0 |
|a Strategic planning.
|9 6031
|
| 650 |
|
0 |
|a Strategic planning
|x Case studies.
|9 6032
|
| 700 |
1 |
|
|a Strickland, A. J.
|q (Alonzo J.)
|9 6033
|
| 942 |
|
|
|2 ddc
|c BK
|0 1
|
| 952 |
|
|
|0 0
|1 0
|2 ddc
|4 0
|6 658_401200000000000_THO
|7 0
|9 44070
|a BRACUL
|b BRACUL
|c GEN
|d 2014-11-17
|l 2
|m 20
|o 658.4012 THO
|p 3010027163
|r 2017-08-13
|s 2017-06-20
|t 1
|w 2014-11-17
|y BK
|
| 952 |
|
|
|0 0
|1 0
|2 ddc
|4 0
|6 658_401200000000000_THO
|7 0
|9 52992
|a SCL
|b SCL
|c GEN
|d 2015-03-10
|e Gift: The Asia Foundation
|l 0
|o 658.4012 THO
|p 3020005431
|r 2015-03-10
|t 2
|w 2015-03-10
|y BK
|